Revisión y actualización de especificaciones para construcción de edificios por licitación pública de la Dirección de Edificaciones Nacionales

שמור ב:
מידע ביבליוגרפי
מחבר ראשי: Bolaños Rojas, Froilán
פורמט: לא ידוע
יצא לאור: [San José, Costa Rica] 1980
נושאים:
תגים: הוספת תג
אין תגיות, היה/י הראשונ/ה לתייג את הרשומה!

MARC

LEADER 00000 a2200000 4500
003 001127
005 20221231143739.0
008 140114s1980 cr a m 000 ||s d
040 |c cru CEDI 
090 |a TFG 927 
100 |a Bolaños Rojas, Froilán  |9 16034 
245 |a Revisión y actualización de especificaciones para construcción de edificios por licitación pública de la Dirección de Edificaciones Nacionales 
260 |c 1980  |a [San José, Costa Rica] 
300 |a  [73] hojas ; 28 cm  
500 |a  Tesis (ingeniero civil)--Universidad de Costa Rica.  
650 |x COSTA RICA.. MINISTERIO DE OBRAS PUBLICAS Y TRANSPORTES. DIRECCION DE EDIFICACIONES NACIONALES   |x LICITACION PUBLICA   |x CONSTRUCCION - CONTRATOS Y ESPECIFICACIONES   |x NORMAS  |9 16035 
942 |c TFG 
999 |c 11203  |d 11203